[Event "Lueneburg distr-ch Haupt"]
[Site "Tostedt"]
[Date "2015.10.23"]
[Round "3.9"]
[White "Dunker, Lueder"]
[Black "Krueger, Iwan"]
[Result "0-1"]
[WhiteElo "1394"]
[BlackElo "1421"]
[PlyCount "68"]
[EventDate "2015.10.22"]
[EventType "swiss"]
[EventRounds "7"]
[EventCountry "GER"]
[SourceTitle "EXT 2019"]
[Source "ChessBase"]
[SourceDate "2018.10.10"]
[SourceVersion "1"]
[SourceVersionDate "2018.10.10"]
[SourceQuality "1"]

1. e4 e5 2. Nf3 Nc6 3. Bb5 Bc5 4. 0-0 d6 5. c3 Bg4 6. h3 Bxf3 7. Qxf3 Qf6 8. Bxc6+ bxc6 9. Qd1 Ne7 10. d3 0-0 11. Nd2 Ng6 12. Nf3 Rfe8 13. Re1 Nh4 14. Be3 Nxf3+ 15. Qxf3 Qxf3 16. gxf3 Bxe3 17. fxe3 Re6 18. Kf2 d5 19. f4 dxe4 20. f5 Rd6 21. dxe4 Rd2+ 22. Re2 Rad8 23. Rae1 R8d6 24. Rxd2 Rxd2+ 25. Re2 Rxe2+ 26. Kxe2 g5 27. Kf3 h5 28. Kg3 f6 29. c4 Kf7 30. c5 Ke7 31. b4 Kd7 32. a4 Kc8 33. b5 cxb5 34. axb5 Kb7 0-1

[Event "Lueneburg distr-ch U14/16/18"]
[Site "Tostedt"]
[Date "2015.10.21"]
[Round "6.4"]
[White "Thomas, Jeremy"]
[Black "Krueger, Iwan"]
[Result "1-0"]
[WhiteElo "1404"]
[BlackElo "1421"]
[PlyCount "51"]
[EventDate "2015.10.19"]
[EventType "swiss"]
[EventRounds "7"]
[EventCountry "GER"]
[SourceTitle "EXT 2019"]
[Source "ChessBase"]
[SourceDate "2018.10.10"]
[SourceVersion "1"]
[SourceVersionDate "2018.10.10"]
[SourceQuality "1"]

1. e4 e5 2. Nf3 Nc6 3. Bc4 Bc5 4. d3 h6 5. 0-0 Nf6 6. c3 0-0 7. Be3 Bxe3 8. fxe3 d6 9. b4 a6 10. a4 Bg4 11. Nbd2 d5 12. exd5 Nxd5 13. Bxd5 Qxd5 14. Qc2 Rad8 15. d4 Rfe8 16. e4 Qc4 17. Nxc4 exd4 18. cxd4 Nxd4 19. Nxd4 Rxd4 20. Ne3 Rexe4 21. Nxg4 Rc4 22. Qd2 Rcd4 23. Qf2 Rxg4 24. Qxf7+ Kh7 25. Qf5+ Kh8 26. Rfe1 1-0

[Event "Niedersachsen-chT U12"]
[Site "Verden an der Aller"]
[Date "2009.05.23"]
[Round "5.1"]
[White "Krueger, Iwan"]
[Black "Grigorian, Spartak"]
[Result "0-1"]
[WhiteElo "1302"]
[BlackElo "1765"]
[PlyCount "56"]
[EventDate "2009.05.21"]
[EventType "team-tourn"]
[EventRounds "7"]
[EventCountry "GER"]
[SourceTitle "EXT 2010"]
[Source "ChessBase"]
[SourceDate "2010.11.25"]
[SourceVersion "1"]
[SourceVersionDate "2010.11.25"]
[SourceQuality "1"]
[WhiteTeam "Lueneburg Turm"]
[BlackTeam "Wildeshausen"]
[WhiteTeamCountry "GER"]
[BlackTeamCountry "GER"]

1. d4 Nf6 2. c4 e5 3. Nf3 exd4 4. Nxd4 Bc5 5. e3 0-0 6. Bd3 Re8 7. 0-0 d5 8. Nb3 Bf8 9. Nc3 Be6 10. cxd5 Nxd5 11. Be4 Nxc3 12. Qxd8 Ne2+ 13. Kh1 Rxd8 14. Bxb7 Nxc1 15. Raxc1 Nd7 16. Bxa8 Rxa8 17. Rxc7 Nf6 18. Rd1 Ne4 19. Kg1 Bd6 20. Rc6 Be5 21. Ra6 h6 22. Ra4 Nf6 23. Rd2 Rc8 24. f4 Bc7 25. Rxa7 Bb6 26. Ra4 Bxb3 27. axb3 Bxe3+ 28. Kf1 Bxd2 0-1

[Event "Niedersachsen-ch U12"]
[Site "Rotenburg"]
[Date "2009.04.10"]
[Round "11"]
[White "Grigorian, Spartak"]
[Black "Krueger, Iwan"]
[Result "1-0"]
[WhiteElo "1728"]
[BlackElo "1170"]
[PlyCount "63"]
[EventDate "2009.04.04"]
[EventType "swiss"]
[EventRounds "11"]
[EventCountry "GER"]
[SourceTitle "EXT 2010"]
[Source "ChessBase"]
[SourceDate "2010.11.25"]
[SourceVersion "1"]
[SourceVersionDate "2010.11.25"]
[SourceQuality "1"]

1. e4 e5 2. Nf3 Nc6 3. Bb5 a6 4. Ba4 b5 5. Bb3 Nf6 6. a4 Bb7 7. 0-0 Bc5 8. Re1 Ng4 9. d4 exd4 10. Bxf7+ Kxf7 11. Ng5+ Ke8 12. Qxg4 Qf6 13. e5 Nxe5 14. f4 d6 15. fxe5 dxe5 16. Ne4 Bxe4 17. Qxe4 Kf7 18. Qd5+ Kg6 19. Qxc5 Rhf8 20. Bf4 Qxf4 21. Qc6+ Rf6 22. Qe4+ Qxe4 23. Rxe4 Raf8 24. Nd2 Rc6 25. axb5 Rxc2 26. Rxa6+ Kf5 27. Re2 Rc1+ 28. Kf2 Kg4+ 29. Nf3 d3 30. h3+ Kf5 31. Rxe5+ Kf4 32. g3# 1-0

[Event "Niedersachsen-ch U12"]
[Site "Rotenburg"]
[Date "2009.04.09"]
[Round "9"]
[White "Romaneesen, Till"]
[Black "Krueger, Iwan"]
[Result "0-1"]
[WhiteElo "1097"]
[BlackElo "1170"]
[PlyCount "70"]
[EventDate "2009.04.04"]
[EventType "swiss"]
[EventRounds "11"]
[EventCountry "GER"]
[SourceTitle "EXT 2010"]
[Source "ChessBase"]
[SourceDate "2010.11.25"]
[SourceVersion "1"]
[SourceVersionDate "2010.11.25"]
[SourceQuality "1"]

1. e4 e5 2. Nf3 Nc6 3. Bc4 Nf6 4. d4 d6 5. Nc3 Bg4 6. dxe5 Nxe5 7. Be2 Be7 8. Bg5 h6 9. Bxf6 Bxf6 10. Nxe5 Bxe2 11. Nxf7 Bxd1 12. Nxd8 Bxc2 13. Nxb7 Rb8 14. Rc1 Bxc3+ 15. bxc3 Rxb7 16. 0-0 Bd3 17. Rfd1 Bc4 18. Rb1 Rb6 19. Rxb6 axb6 20. a3 Kd7 21. e5 Ra8 22. exd6 cxd6 23. Ra1 Kc6 24. f4 Kc5 25. Kf2 d5 26. Ke3 Re8+ 27. Kd2 Re2+ 28. Kd1 Rxg2 29. Kc1 Bd3 30. a4 Rg1+ 31. Kb2 Rxa1 32. Kxa1 Bc2 33. Kb2 Bxa4 34. Ka3 Kc4 35. Kb2 b5 0-1

[Event "Niedersachsen-ch U12"]
[Site "Rotenburg"]
[Date "2009.04.08"]
[Round "8"]
[White "Krueger, Iwan"]
[Black "Weissbrot, Eduard"]
[Result "1/2-1/2"]
[WhiteElo "1170"]
[BlackElo "1067"]
[PlyCount "86"]
[EventDate "2009.04.04"]
[EventType "swiss"]
[EventRounds "11"]
[EventCountry "GER"]
[SourceTitle "EXT 2010"]
[Source "ChessBase"]
[SourceDate "2010.11.25"]
[SourceVersion "1"]
[SourceVersionDate "2010.11.25"]
[SourceQuality "1"]

1. e4 e5 2. Nf3 Nc6 3. Bc4 Bc5 4. c3 Nf6 5. d4 exd4 6. cxd4 Bb4+ 7. Bd2 Bxd2+ 8. Nbxd2 d5 9. exd5 Nxd5 10. Qb3 Nce7 11. 0-0 0-0 12. Rfe1 c6 13. Qa3 Re8 14. Re2 Ng6 15. Rae1 Rxe2 16. Rxe2 Be6 17. Ne5 Nge7 18. Bxd5 Nxd5 19. Nb3 Qg5 20. Nd2 Nf4 21. Qf3 Nxe2+ 22. Qxe2 f6 23. Nef3 Bg4 24. h3 Bxf3 25. Nxf3 Qg6 26. Kh2 Re8 27. Qc4+ Qf7 28. Qb4 h6 29. Nd2 Qc7+ 30. g3 f5 31. Qc4+ Kh8 32. Qd3 g6 33. Nf3 Qe7 34. Nh4 Kg7 35. Qc3 Kh7 36. Qb3 b6 37. Qc4 Qe6 38. Qc3 g5 39. Nf3 g4 40. Ng1 gxh3 41. Nxh3 Rg8 42. Nf4 Qe4 43. Nh5 Rf8 1/2-1/2

[Event "Niedersachsen-ch U12"]
[Site "Rotenburg"]
[Date "2009.04.04"]
[Round "1"]
[White "Luehmann, Jan"]
[Black "Krueger, Iwan"]
[Result "0-1"]
[WhiteElo "726"]
[BlackElo "1170"]
[PlyCount "78"]
[EventDate "2009.04.04"]
[EventType "swiss"]
[EventRounds "11"]
[EventCountry "GER"]
[SourceTitle "EXT 2010"]
[Source "ChessBase"]
[SourceDate "2010.11.25"]
[SourceVersion "1"]
[SourceVersionDate "2010.11.25"]
[SourceQuality "1"]

1. e4 e5 2. Nf3 Nc6 3. Bc4 Nf6 4. d3 Bc5 5. Nc3 d6 6. h3 a6 7. Bg5 Be6 8. 0-0 h6 9. Bh4 g5 10. Bxe6 fxe6 11. Bg3 Qe7 12. Ne2 Nh5 13. Kh2 Nf4 14. c3 h5 15. Kh1 g4 16. hxg4 hxg4+ 17. Nh2 Qh7 18. Nxf4 exf4 19. Bxf4 0-0-0 20. d4 e5 21. Bg3 exd4 22. cxd4 Bxd4 23. Qxg4+ Kb8 24. Kg1 Rdg8 25. Qf3 Ne5 26. Qb3 Ng4 27. Rfc1 Nxh2 28. Bxh2 Qxh2+ 29. Kf1 Qxg2+ 30. Ke2 Qxf2+ 31. Kd3 Rg3+ 32. Kc4 b5+ 33. Kd5 Rh5+ 34. e5 Rxe5+ 35. Kc6 Rxb3 36. axb3 Qf3+ 37. Kd7 Kb7 38. Rxc7+ Kb6 39. Kxd6 Qd5# 0-1

[Event "Niedersachsen-ch op"]
[Site "Verden"]
[Date "2009.01.06"]
[Round "7"]
[White "Krueger, Iwan"]
[Black "Brinkmann, Fabian"]
[Result "0-1"]
[WhiteElo "846"]
[BlackElo "1469"]
[PlyCount "60"]
[EventDate "2009.01.03"]
[EventType "swiss"]
[EventRounds "7"]
[EventCountry "GER"]
[SourceTitle "EXT 2012"]
[Source "ChessBase"]
[SourceDate "2011.11.24"]
[SourceVersion "1"]
[SourceVersionDate "2011.11.24"]
[SourceQuality "1"]

1. e4 c6 2. Nc3 d5 3. exd5 cxd5 4. d4 Nf6 5. Nf3 a6 6. Be3 Bf5 7. Bd3 Bxd3 8. Qxd3 Nc6 9. 0-0 e6 10. a3 Bd6 11. Rfe1 Qc7 12. Qd2 Ne4 13. Qd3 Nxc3 14. Qxc3 b5 15. b4 0-0 16. Qd2 a5 17. c3 Rfc8 18. Qd3 Na7 19. Bd2 Bf4 20. Bxf4 Qxf4 21. Qe3 Qxe3 22. Rxe3 Nc6 23. Ree1 Ne7 24. Re3 Nf5 25. Rd3 Nd6 26. Nd2 axb4 27. cxb4 Nc4 28. Ra2 Nxd2 29. Rdxd2 Rc1+ 30. Rd1 Rxd1# 0-1

[Event "Niedersachsen-ch op"]
[Site "Verden"]
[Date "2009.01.04"]
[Round "3"]
[White "Krueger, Iwan"]
[Black "Boehm, Karl1111"]
[Result "0-1"]
[WhiteElo "846"]
[BlackElo "1900"]
[PlyCount "82"]
[EventDate "2009.01.03"]
[EventType "swiss"]
[EventRounds "7"]
[EventCountry "GER"]
[SourceTitle "EXT 2012"]
[Source "ChessBase"]
[SourceDate "2011.11.24"]
[SourceVersion "1"]
[SourceVersionDate "2011.11.24"]
[SourceQuality "1"]

1. e4 c5 2. Nf3 d6 3. c3 Nf6 4. g3 Nc6 5. d4 cxd4 6. Nxd4 Bd7 7. Bg2 g6 8. 0-0 Bg7 9. Be3 0-0 10. Qd2 Qc8 11. Bh6 Bh3 12. Nxc6 bxc6 13. Bxg7 Kxg7 14. Qf4 Bxg2 15. Kxg2 Qb7 16. b3 c5 17. f3 a5 18. Nd2 Nd7 19. g4 a4 20. g5 axb3 21. Nxb3 Qb5 22. Qe3 Rh8 23. f4 h6 24. gxh6+ Rxh6 25. Rg1 Rah8 26. Rh1 Rh3 27. Qd2 Qc4 28. Rae1 Rxc3 29. Re3 Rc2 30. Rd1 Rxd2+ 31. Rxd2 Qe6 32. h3 Nb6 33. Rde2 Qf6 34. Rf2 Qe6 35. Rfe2 Qc4 36. Rg3 Rh4 37. Kf3 Qd3+ 38. Re3 Qd1+ 39. Re2 Rxf4+ 40. Ke3 Rf1 41. Rgg2 Nc4# 0-1

[Event "Niedersachsen-ch op"]
[Site "Verden"]
[Date "2009.01.03"]
[Round "1"]
[White "Krueger, Iwan"]
[Black "Wernke Schmiesing, Sebastian"]
[Result "1-0"]
[WhiteElo "846"]
[BlackElo "1322"]
[PlyCount "45"]
[EventDate "2009.01.03"]
[EventType "swiss"]
[EventRounds "7"]
[EventCountry "GER"]
[SourceTitle "EXT 2012"]
[Source "ChessBase"]
[SourceDate "2011.11.24"]
[SourceVersion "1"]
[SourceVersionDate "2011.11.24"]
[SourceQuality "1"]

1. e4 e5 2. Nf3 Nc6 3. Bc4 Nf6 4. 0-0 Bc5 5. Re1 d6 6. h3 0-0 7. c3 Bd7 8. d4 exd4 9. cxd4 Bb4 10. Bd2 Qc8 11. Kh2 Re8 12. Bxb4 Nxb4 13. Qb3 d5 14. e5 dxc4 15. Qxb4 Nd5 16. Qxc4 Bc6 17. Nc3 Nb6 18. Qd3 Qd8 19. Rad1 Nd5 20. Qc4 a6 21. Rd2 b5 22. Qxc6 Nxc3 23. Qxc3 1-0

[Event "Niedersachsen-ch U10"]
[Site "Rotenburg"]
[Date "2008.03.18"]
[Round "7"]
[White "Krueger, Iwan"]
[Black "Brumund, Laslo Mathis"]
[Result "1-0"]
[WhiteElo "782"]
[BlackElo "867"]
[PlyCount "65"]
[EventDate "2008.03.15"]
[EventType "swiss"]
[EventRounds "11"]
[EventCountry "GER"]
[SourceTitle "EXT 2009"]
[Source "ChessBase"]
[SourceDate "2008.11.26"]
[SourceVersion "1"]
[SourceVersionDate "2008.11.26"]
[SourceQuality "1"]

1. e4 e5 2. Nf3 Qe7 3. Bc4 Nc6 4. Nc3 Nf6 5. d3 Qd8 6. Bg5 h6 7. Bh4 Bb4 8. Qd2 d6 9. h3 Be6 10. Bb5 a6 11. Bxc6+ bxc6 12. a3 Ba5 13. b4 Bb6 14. 0-0 d5 15. Rad1 d4 16. Ne2 0-0 17. c3 c5 18. Rfe1 Re8 19. Nxe5 Bb3 20. Rb1 Ba4 21. Nf3 cxb4 22. axb4 a5 23. e5 g5 24. Bxg5 hxg5 25. Qxg5+ Kf8 26. exf6 Re6 27. Ne5 Rxf6 28. Ra1 Bb5 29. c4 Ba6 30. Nc6 Rxc6 31. Qxd8+ Rxd8 32. b5 Re6 33. bxa6 1-0

[Event "Niedersachsen-ch U10"]
[Site "Rotenburg"]
[Date "2008.03.17"]
[Round "4"]
[White "Krueger, Iwan"]
[Black "Kaphle, Christian"]
[Result "1/2-1/2"]
[WhiteElo "782"]
[BlackElo "761"]
[PlyCount "36"]
[EventDate "2008.03.15"]
[EventType "swiss"]
[EventRounds "11"]
[EventCountry "GER"]
[SourceTitle "EXT 2009"]
[Source "ChessBase"]
[SourceDate "2008.11.26"]
[SourceVersion "1"]
[SourceVersionDate "2008.11.26"]
[SourceQuality "1"]

1. e4 e5 2. Nf3 Nc6 3. Bc4 Nf6 4. Nc3 Bc5 5. d3 Qe7 6. Bg5 h6 7. Nd5 Qd8 8. Nxf6+ gxf6 9. Bh4 d6 10. h3 Be6 11. Bxe6 fxe6 12. Nd2 Qe7 13. 0-0 0-0-0 14. c3 a6 15. Qf3 Rdf8 16. Nc4 Ba7 17. Ne3 Rhg8 18. Rad1 h5 1/2-1/2